<?xml version="1.0" encoding="UTF-8"?>
<record
    xmlns:xsi="http://www.w3.org/2001/XMLSchema-instance"
    xsi:schemaLocation="http://www.loc.gov/MARC21/slim http://www.loc.gov/standards/marcxml/schema/MARC21slim.xsd"
    xmlns="http://www.loc.gov/MARC21/slim">

  <leader>01207nam a2200313Ia 4500</leader>
  <controlfield tag="005">20220317002000.0</controlfield>
  <controlfield tag="008">200115s2019    ck            000 0 spa d</controlfield>
  <datafield tag="020" ind1=" " ind2=" ">
    <subfield code="a">9789585699618</subfield>
  </datafield>
  <datafield tag="040" ind1=" " ind2=" ">
    <subfield code="a">CO-BoRNBP</subfield>
    <subfield code="b">spa</subfield>
    <subfield code="e">rda</subfield>
    <subfield code="c">CO-BoRNBP</subfield>
  </datafield>
  <datafield tag="041" ind1="0" ind2=" ">
    <subfield code="a">spa</subfield>
  </datafield>
  <datafield tag="100" ind1="1" ind2=" ">
    <subfield code="a">Bossio Forero, Paula</subfield>
    <subfield code="d">1979</subfield>
    <subfield code="e">autor </subfield>
  </datafield>
  <datafield tag="245" ind1="1" ind2="4">
    <subfield code="a">Los direfentes </subfield>
    <subfield code="c">texto e ilustraciones Paula Bossio Forero</subfield>
  </datafield>
  <datafield tag="250" ind1=" " ind2=" ">
    <subfield code="a">Edici&#xF3;n especial</subfield>
  </datafield>
  <datafield tag="264" ind1=" " ind2="1">
    <subfield code="a">Bogot&#xE1; </subfield>
    <subfield code="b">Gato Malo</subfield>
    <subfield code="c">2019</subfield>
  </datafield>
  <datafield tag="300" ind1=" " ind2=" ">
    <subfield code="a">[33] p&#xE1;ginas </subfield>
    <subfield code="b">ilustraciones en color </subfield>
    <subfield code="c"> 18 cm</subfield>
  </datafield>
  <datafield tag="336" ind1=" " ind2=" ">
    <subfield code="2">rdacontent</subfield>
    <subfield code="a">texto</subfield>
    <subfield code="b">txt</subfield>
  </datafield>
  <datafield tag="337" ind1=" " ind2=" ">
    <subfield code="2">rdamedia</subfield>
    <subfield code="a">sin mediaci&#xF3;n</subfield>
    <subfield code="b">n</subfield>
  </datafield>
  <datafield tag="338" ind1=" " ind2=" ">
    <subfield code="2">rdacarrier</subfield>
    <subfield code="a">volumen</subfield>
    <subfield code="b">nc</subfield>
  </datafield>
  <datafield tag="490" ind1="0" ind2=" ">
    <subfield code="a">Plan Nacional de Lectura y Escritura Leer es mi Cuento / Ministerio de Cultura</subfield>
  </datafield>
  <datafield tag="500" ind1=" " ind2=" ">
    <subfield code="a">Menci&#xF3;n honor&#xED;fica en la convocatoria de libro ilustrado del Ministerio de Cultura de Colombia, 2011.</subfield>
  </datafield>
  <datafield tag="650" ind1="1" ind2="7">
    <subfield code="a">Albumes infantiles colombianos</subfield>
    <subfield code="2">LEMB</subfield>
  </datafield>
  <datafield tag="650" ind1="1" ind2="7">
    <subfield code="a">Literatura infantil colombiana</subfield>
    <subfield code="2">LEMB</subfield>
  </datafield>
  <datafield tag="650" ind1="1" ind2="7">
    <subfield code="a">Familia  </subfield>
    <subfield code="2">LEMB</subfield>
    <subfield code="v">&#xC1;lbum infantil</subfield>
  </datafield>
  <datafield tag="650" ind1="1" ind2="7">
    <subfield code="a">Identidad  </subfield>
    <subfield code="2">LEMB</subfield>
    <subfield code="v">&#xC1;lbum infantil</subfield>
  </datafield>
  <datafield tag="650" ind1="1" ind2="7">
    <subfield code="a">Vida urbana  </subfield>
    <subfield code="2">LEMB</subfield>
    <subfield code="v">&#xC1;lbum infantil</subfield>
  </datafield>
  <datafield tag="700" ind1="1" ind2=" ">
    <subfield code="a">Bossio Forero, Paula</subfield>
    <subfield code="d">1979-</subfield>
    <subfield code="e">ilustrador </subfield>
    <subfield code="9">134667</subfield>
  </datafield>
  <datafield tag="942" ind1=" " ind2=" ">
    <subfield code="2">loc</subfield>
    <subfield code="c">BK</subfield>
  </datafield>
  <datafield tag="084" ind1=" " ind2=" ">
    <subfield code="a">A BOS3</subfield>
  </datafield>
  <datafield tag="999" ind1=" " ind2=" ">
    <subfield code="c">8782</subfield>
    <subfield code="d">8782</subfield>
  </datafield>
  <datafield tag="952" ind1=" " ind2=" ">
    <subfield code="0">0</subfield>
    <subfield code="1">0</subfield>
    <subfield code="2">ddc</subfield>
    <subfield code="4">0</subfield>
    <subfield code="7">0</subfield>
    <subfield code="8">INF</subfield>
    <subfield code="a">MEGRANAD</subfield>
    <subfield code="b">MEGRANAD</subfield>
    <subfield code="c">SInf</subfield>
    <subfield code="d">2022-11-03</subfield>
    <subfield code="l">0</subfield>
    <subfield code="o">BOS3</subfield>
    <subfield code="p">GRA13228</subfield>
    <subfield code="r">2022-11-03 00:00:00</subfield>
    <subfield code="t">Ej.1</subfield>
    <subfield code="w">2022-11-03</subfield>
    <subfield code="y">BK</subfield>
  </datafield>
  <datafield tag="952" ind1=" " ind2=" ">
    <subfield code="0">0</subfield>
    <subfield code="1">0</subfield>
    <subfield code="2">ddc</subfield>
    <subfield code="4">0</subfield>
    <subfield code="7">0</subfield>
    <subfield code="8">GEN</subfield>
    <subfield code="a">MESGUARO</subfield>
    <subfield code="b">MESGUARO</subfield>
    <subfield code="c">SInf</subfield>
    <subfield code="d">2023-02-20</subfield>
    <subfield code="l">0</subfield>
    <subfield code="o">A BOS3</subfield>
    <subfield code="p">SG00112</subfield>
    <subfield code="r">2023-02-20 00:00:00</subfield>
    <subfield code="t">Ej.1</subfield>
    <subfield code="w">2023-02-20</subfield>
    <subfield code="y">BK</subfield>
  </datafield>
  <datafield tag="952" ind1=" " ind2=" ">
    <subfield code="0">0</subfield>
    <subfield code="1">0</subfield>
    <subfield code="2">ddc</subfield>
    <subfield code="4">0</subfield>
    <subfield code="7">0</subfield>
    <subfield code="8">INF</subfield>
    <subfield code="a">MEGUAMAL</subfield>
    <subfield code="b">MEGUAMAL</subfield>
    <subfield code="c">SInf</subfield>
    <subfield code="d">2023-02-20</subfield>
    <subfield code="l">0</subfield>
    <subfield code="o">A BOS3</subfield>
    <subfield code="p">GUA001567</subfield>
    <subfield code="r">2023-02-20 00:00:00</subfield>
    <subfield code="t">Ej.1</subfield>
    <subfield code="w">2023-02-20</subfield>
    <subfield code="y">BKINF</subfield>
  </datafield>
  <datafield tag="952" ind1=" " ind2=" ">
    <subfield code="0">0</subfield>
    <subfield code="1">0</subfield>
    <subfield code="2">ddc</subfield>
    <subfield code="4">0</subfield>
    <subfield code="7">0</subfield>
    <subfield code="a">MEDORADO</subfield>
    <subfield code="b">MEDORADO</subfield>
    <subfield code="d">2023-02-28</subfield>
    <subfield code="l">0</subfield>
    <subfield code="o"> A BOS3</subfield>
    <subfield code="p">DOR01385</subfield>
    <subfield code="r">2023-02-28 00:00:00</subfield>
    <subfield code="t">Ej.1</subfield>
    <subfield code="w">2023-02-28</subfield>
    <subfield code="y">BK</subfield>
  </datafield>
  <datafield tag="952" ind1=" " ind2=" ">
    <subfield code="0">0</subfield>
    <subfield code="1">0</subfield>
    <subfield code="2">ddc</subfield>
    <subfield code="4">0</subfield>
    <subfield code="7">0</subfield>
    <subfield code="8">INF</subfield>
    <subfield code="a">MESMARTI</subfield>
    <subfield code="b">MESMARTI</subfield>
    <subfield code="c">SInf</subfield>
    <subfield code="d">2023-03-28</subfield>
    <subfield code="l">0</subfield>
    <subfield code="o">A BOS3</subfield>
    <subfield code="p">SM00531</subfield>
    <subfield code="r">2023-03-28 00:00:00</subfield>
    <subfield code="t">Ej.1</subfield>
    <subfield code="w">2023-03-28</subfield>
    <subfield code="y">BKINF</subfield>
  </datafield>
  <datafield tag="952" ind1=" " ind2=" ">
    <subfield code="0">0</subfield>
    <subfield code="1">0</subfield>
    <subfield code="2">ddc</subfield>
    <subfield code="4">0</subfield>
    <subfield code="7">0</subfield>
    <subfield code="8">INF</subfield>
    <subfield code="a">MECUBARR</subfield>
    <subfield code="b">MECUBARR</subfield>
    <subfield code="c">SInf</subfield>
    <subfield code="d">2023-07-25</subfield>
    <subfield code="l">0</subfield>
    <subfield code="o">A BOS3</subfield>
    <subfield code="p">CUB00927</subfield>
    <subfield code="r">2023-07-25 19:18:52</subfield>
    <subfield code="t">Ej.1</subfield>
    <subfield code="w">2023-07-25</subfield>
    <subfield code="y">BK</subfield>
  </datafield>
  <datafield tag="952" ind1=" " ind2=" ">
    <subfield code="0">0</subfield>
    <subfield code="1">0</subfield>
    <subfield code="2">ddc</subfield>
    <subfield code="4">0</subfield>
    <subfield code="7">0</subfield>
    <subfield code="8">INF</subfield>
    <subfield code="a">MECASTIL</subfield>
    <subfield code="b">MECASTIL</subfield>
    <subfield code="c">SInf</subfield>
    <subfield code="d">2023-09-22</subfield>
    <subfield code="l">0</subfield>
    <subfield code="o">A BOS3</subfield>
    <subfield code="p">EC01606</subfield>
    <subfield code="r">2023-09-22 15:29:04</subfield>
    <subfield code="t">Ej.1</subfield>
    <subfield code="w">2023-09-22</subfield>
    <subfield code="y">BK</subfield>
  </datafield>
  <datafield tag="952" ind1=" " ind2=" ">
    <subfield code="0">0</subfield>
    <subfield code="1">0</subfield>
    <subfield code="2">ddc</subfield>
    <subfield code="4">0</subfield>
    <subfield code="7">0</subfield>
    <subfield code="8">INF</subfield>
    <subfield code="a">MESJUANI</subfield>
    <subfield code="b">MESJUANI</subfield>
    <subfield code="c">SInf</subfield>
    <subfield code="d">2024-01-19</subfield>
    <subfield code="l">0</subfield>
    <subfield code="o">A BOS3</subfield>
    <subfield code="p">SJU00251</subfield>
    <subfield code="r">2024-01-19 22:57:09</subfield>
    <subfield code="t">Ej.1</subfield>
    <subfield code="w">2024-01-19</subfield>
    <subfield code="y">BK</subfield>
  </datafield>
  <datafield tag="952" ind1=" " ind2=" ">
    <subfield code="0">0</subfield>
    <subfield code="1">0</subfield>
    <subfield code="2">ddc</subfield>
    <subfield code="4">0</subfield>
    <subfield code="7">0</subfield>
    <subfield code="8">INF</subfield>
    <subfield code="a">MEMAPIRI</subfield>
    <subfield code="b">MEMAPIRI</subfield>
    <subfield code="c">SInf</subfield>
    <subfield code="d">2024-06-11</subfield>
    <subfield code="l">0</subfield>
    <subfield code="o">A BIOS3</subfield>
    <subfield code="p">MAP00004224</subfield>
    <subfield code="r">2024-06-11 11:44:03</subfield>
    <subfield code="t">Ej.1</subfield>
    <subfield code="w">2024-06-11</subfield>
    <subfield code="y">BK</subfield>
  </datafield>
  <datafield tag="952" ind1=" " ind2=" ">
    <subfield code="0">0</subfield>
    <subfield code="1">0</subfield>
    <subfield code="2">ddc</subfield>
    <subfield code="4">0</subfield>
    <subfield code="7">0</subfield>
    <subfield code="8">INF</subfield>
    <subfield code="a">MEPLLERAS</subfield>
    <subfield code="b">MEPLLERAS</subfield>
    <subfield code="c">LIT</subfield>
    <subfield code="d">2024-09-09</subfield>
    <subfield code="l">0</subfield>
    <subfield code="o">A BOS3</subfield>
    <subfield code="p">PLL01219</subfield>
    <subfield code="r">2024-09-09 09:04:00</subfield>
    <subfield code="t">Ej.1</subfield>
    <subfield code="w">2024-09-09</subfield>
    <subfield code="y">BKINF</subfield>
  </datafield>
  <datafield tag="952" ind1=" " ind2=" ">
    <subfield code="0">0</subfield>
    <subfield code="1">0</subfield>
    <subfield code="2">ddc</subfield>
    <subfield code="4">0</subfield>
    <subfield code="7">0</subfield>
    <subfield code="8">INF</subfield>
    <subfield code="a">MEMACARE</subfield>
    <subfield code="b">MEMACARE</subfield>
    <subfield code="c">SInf</subfield>
    <subfield code="d">2024-10-10</subfield>
    <subfield code="l">0</subfield>
    <subfield code="o">A  BOS3</subfield>
    <subfield code="p">LM001162</subfield>
    <subfield code="r">2024-10-10 15:14:55</subfield>
    <subfield code="t">Ej.2</subfield>
    <subfield code="w">2024-10-10</subfield>
    <subfield code="y">BK</subfield>
  </datafield>
  <datafield tag="952" ind1=" " ind2=" ">
    <subfield code="0">0</subfield>
    <subfield code="1">0</subfield>
    <subfield code="2">ddc</subfield>
    <subfield code="4">0</subfield>
    <subfield code="7">0</subfield>
    <subfield code="8">INF</subfield>
    <subfield code="a">MECLANUE</subfield>
    <subfield code="b">MECLANUE</subfield>
    <subfield code="c">SInf</subfield>
    <subfield code="d">2024-11-23</subfield>
    <subfield code="l">0</subfield>
    <subfield code="o">A BOS3</subfield>
    <subfield code="p">CLN00160</subfield>
    <subfield code="r">2024-11-23 14:36:52</subfield>
    <subfield code="t">Ej.1</subfield>
    <subfield code="w">2024-11-23</subfield>
    <subfield code="y">BKINF</subfield>
  </datafield>
  <datafield tag="952" ind1=" " ind2=" ">
    <subfield code="0">0</subfield>
    <subfield code="1">0</subfield>
    <subfield code="4">0</subfield>
    <subfield code="7">0</subfield>
    <subfield code="8">InfPoTi</subfield>
    <subfield code="a">MEVIGERR</subfield>
    <subfield code="b">MEVIGERR</subfield>
    <subfield code="c">SInf</subfield>
    <subfield code="d">2021-03-10</subfield>
    <subfield code="o">A BOS3</subfield>
    <subfield code="p">ECA27803</subfield>
    <subfield code="r">2024-11-25 15:07:07</subfield>
    <subfield code="t">Ej.1</subfield>
    <subfield code="w">2024-11-25</subfield>
    <subfield code="y">BK</subfield>
    <subfield code="z">20676 | 26767</subfield>
  </datafield>
  <datafield tag="952" ind1=" " ind2=" ">
    <subfield code="0">0</subfield>
    <subfield code="1">0</subfield>
    <subfield code="2">ddc</subfield>
    <subfield code="4">0</subfield>
    <subfield code="7">0</subfield>
    <subfield code="8">INF</subfield>
    <subfield code="a">MEMESETA</subfield>
    <subfield code="b">MEMESETA</subfield>
    <subfield code="c">SInf</subfield>
    <subfield code="d">2025-07-30</subfield>
    <subfield code="l">0</subfield>
    <subfield code="o">A BOS3</subfield>
    <subfield code="p">ME01157</subfield>
    <subfield code="r">2025-02-14 11:25:49</subfield>
    <subfield code="t">Ej.1</subfield>
    <subfield code="w">2025-02-14</subfield>
    <subfield code="y">BK</subfield>
  </datafield>
  <datafield tag="952" ind1=" " ind2=" ">
    <subfield code="0">0</subfield>
    <subfield code="1">0</subfield>
    <subfield code="2">ddc</subfield>
    <subfield code="4">0</subfield>
    <subfield code="7">0</subfield>
    <subfield code="a">MEFTEORO</subfield>
    <subfield code="b">MEFTEORO</subfield>
    <subfield code="c">SInf</subfield>
    <subfield code="d">2025-04-11</subfield>
    <subfield code="l">0</subfield>
    <subfield code="o">A BOS3</subfield>
    <subfield code="p">Fo00002319</subfield>
    <subfield code="r">2025-04-11 10:59:53</subfield>
    <subfield code="t">Ej.1</subfield>
    <subfield code="w">2025-04-11</subfield>
    <subfield code="y">BKINF</subfield>
  </datafield>
  <datafield tag="952" ind1=" " ind2=" ">
    <subfield code="0">0</subfield>
    <subfield code="1">0</subfield>
    <subfield code="2">ddc</subfield>
    <subfield code="4">0</subfield>
    <subfield code="7">0</subfield>
    <subfield code="8">INF</subfield>
    <subfield code="a">MESARAMA</subfield>
    <subfield code="b">MESARAMA</subfield>
    <subfield code="c">SInf</subfield>
    <subfield code="d">2025-07-10</subfield>
    <subfield code="l">0</subfield>
    <subfield code="o">A BOS3</subfield>
    <subfield code="p">SJA01049</subfield>
    <subfield code="r">2025-07-10 18:13:00</subfield>
    <subfield code="t">Ej.1</subfield>
    <subfield code="w">2025-07-10</subfield>
    <subfield code="y">BKLITI</subfield>
  </datafield>
  <datafield tag="952" ind1=" " ind2=" ">
    <subfield code="0">0</subfield>
    <subfield code="1">0</subfield>
    <subfield code="2">ddc</subfield>
    <subfield code="4">0</subfield>
    <subfield code="7">0</subfield>
    <subfield code="8">GEN</subfield>
    <subfield code="a">MEPLOPEZ</subfield>
    <subfield code="b">MEPLOPEZ</subfield>
    <subfield code="c">GEN</subfield>
    <subfield code="d">2025-10-30</subfield>
    <subfield code="l">0</subfield>
    <subfield code="o">A BOS3</subfield>
    <subfield code="p">PLZ04284</subfield>
    <subfield code="r">2025-10-30 15:39:09</subfield>
    <subfield code="t">Ej.1</subfield>
    <subfield code="w">2025-10-30</subfield>
    <subfield code="y">BKLIT</subfield>
  </datafield>
  <datafield tag="952" ind1=" " ind2=" ">
    <subfield code="0">0</subfield>
    <subfield code="1">0</subfield>
    <subfield code="2">ddc</subfield>
    <subfield code="4">0</subfield>
    <subfield code="7">0</subfield>
    <subfield code="8">INF</subfield>
    <subfield code="a">MEGRANAD</subfield>
    <subfield code="b">MEGRANAD</subfield>
    <subfield code="c">SInf</subfield>
    <subfield code="d">2026-02-13</subfield>
    <subfield code="e">BIBLIOTECA NACIONAL</subfield>
    <subfield code="l">0</subfield>
    <subfield code="o">A BOS3</subfield>
    <subfield code="p">GRDA00689</subfield>
    <subfield code="r">2026-02-13 16:15:30</subfield>
    <subfield code="t">Ej.1</subfield>
    <subfield code="w">2026-02-13</subfield>
    <subfield code="y">BK</subfield>
  </datafield>
</record>
